Código de las leyes administrativas / (Record no. 60041)

MARC details
000 -LEADER
campo de control de longitud fija 00882nam a2200277 i 4500
001 - NÚMERO DE CONTROL
campo de control 60041
003 - IDENTIFICADOR DE NÚMERO DE CONTROL
campo de control ES-MaACL
005 - FECHA Y HORA DE LA ÚLTIMA TRANSACCIÓN
campo de control 20250827062607.0
007 - CAMPO FIJO DE DESCRIPCIÓN FÍSICA--INFORMACIÓN GENERAL
campo de control de longitud fija t|
008 - DATOS DE LONGITUD FIJA--INFORMACIÓN GENERAL
campo de control de longitud fija 031103s1985 sp l |||| | spa d
020 ## - NÚMERO INTERNACIONAL ESTÁNDAR DEL LIBRO
Número Internacional Estándar del Libro 84-7398-339-4
110 1# - ENTRADA PRINCIPAL--NOMBRE DE ENTIDAD CORPORATIVA
Nombre de entidad corporativa o nombre de jurisdicción como elemento de entrada España
9 (RLIN) 3622
243 10 - TÍTULO UNIFORME COLECTIVO
Título uniforme <a href="Leyes, etc., de administración pública">Leyes, etc., de administración pública</a>
245 10 - MENCIÓN DEL TÍTULO
Título Código de las leyes administrativas /
Mención de responsabilidad, etc. Eduardo García de Enterría, José A. Escalante.
250 ## - MENCION DE EDICION
Mención de edición 5ª ed., reimp. septiembre de 1985.
260 ## - PUBLICACIÓN, DISTRIBUCIÓN, ETC.
Lugar de publicación, distribución, etc. Madrid :
Nombre del editor, distribuidor, etc. Civitas,
Fecha de publicación, distribución, etc. 1985.
300 ## - DESCRIPCIÓN FÍSICA
Extensión 2390 p. ;
Dimensiones 24 cm.
500 ## - NOTA GENERAL
Nota general Tabla cronológica: 1867-1969.
500 ## - NOTA GENERAL
Nota general Índices.
650 #7 - PUNTO DE ACCESO ADICIONAL DE MATERIA--TÉRMINO DE MATERIA
Término de materia o nombre geográfico como elemento de entrada Derecho administrativo-
Subdivisión geográfica España
Fuente del encabezamiento o término
9 (RLIN) 145992
700 1# - ENTRADA AGREGADA--NOMBRE PERSONAL
Nombre de persona García de Enterría, Eduardo.
9 (RLIN) 54425
700 1# - ENTRADA AGREGADA--NOMBRE PERSONAL
Nombre de persona Escalante, José A.
9 (RLIN) 47466
852 ## - LOCALIZACIÓN
Ubicación ES-MaACL
Número de control de estantería L-8784
852 ## - LOCALIZACIÓN
Ubicación ES-MaACL
Número de control de estantería L-9459
Holdings
Estatus retirado Estado de pérdida Estado de daño No para préstamo Biblioteca de origen Biblioteca actual Ubicación en estantería Fecha de adquisición Fuente de adquisición Total de préstamos Signatura topográfica completa Código de barras Visto por última vez Precio de reemplazo Tipo de ítem Koha
        Biblioteca del Ateneo de Madrid Biblioteca del Ateneo de Madrid Depósito 2 17/01/2008     L-9459 1062971 23/02/2023 23/02/2023 Libro impreso
        Biblioteca del Ateneo de Madrid Biblioteca del Ateneo de Madrid Depósito 2 17/01/2008     L-8784 1062970 23/02/2023 23/02/2023 Libro impreso